| 000 | 00345nam a2200133Ia 4500 | ||
|---|---|---|---|
| 008 | 240624s9999 xx 000 0 und d | ||
| 041 | _aeng | ||
| 082 | _a332.0285 OHS | ||
| 100 | _aOHSAKI SHUICHI | ||
| 245 | _aR PROGRAMMING AND ITS APPLICATIONS IN FI | ||
| 260 |
_c2018 _aLondon _bCRC Press |
||
| 300 | _aix, 248 p.; 23 cm. | ||
| 365 |
_cBPS _b35 |
||
| 999 |
_c31514 _d31514 |
||